Bytový dom v Brezne

Enregistré dans:
Détails bibliographiques
Auteur principal: Turčanová, Mária (Auteur)
Autres auteurs: Makýš, Oto (Directeur de thèse)
Format: Manuscrit Livre
Langue:slovaque
Publié: 2025
Sujets:
Accès en ligne:http://is.stuba.sk/zp/portal_zp.pl?podrobnosti=185428
CRZP
Tags: Ajouter un tag
Pas de tags, Soyez le premier à ajouter un tag!

MARC

LEADER 00000ntm a22000003a 4500
001 stuzp105319
003 SK-STU
005 20250729112742.1
007 ta
008 150427s2015----xo-----f-mn---000-0-slo-d
040 |a STU  |b slo 
041 0 |a slo 
100 1 |a Turčanová, Mária  |u 010270  |4 aut  |U SvF Stavebná fakulta  |T SvF Katedra technológie stavieb  |X 121306  |U V270  |Y 28  |7 121306 
242 0 1 |a Apartment house in Brezno  |y eng 
245 1 0 |a Bytový dom v Brezne 
260 |c 2025 
650 4 |a bytový dom  |2 slo 
650 4 |a murované konštrukcie  |2 slo 
650 4 |a realizácia stavby  |2 slo 
650 4 |a construction realization  |2 eng 
650 4 |a apartment house  |2 eng 
650 4 |a masonry construction  |2 eng 
700 1 |a Makýš, Oto  |u 010270  |k Z1  |4 ths  |U SvF Stavebná fakulta  |T SvF Katedra technológie stavieb  |X 832  |U V270  |Y 28  |7 A000000832 
856 4 |u http://is.stuba.sk/zp/portal_zp.pl?podrobnosti=185428 
856 4 |u https://opac.crzp.sk/?fn=detailBiblioForm&sid=4013D2F8FE5692F45EC82A4F6B33  |z CRZP